| 000 | 00977 a2200241 4500 | ||
|---|---|---|---|
| 005 | 20260410162232.0 | ||
| 008 | 260410b |||||||| |||| 00| 0 eng d | ||
| 020 | _a9789394277441 (hbk) | ||
| 037 | _cTB | ||
| 040 |
_aCRL _cCRL |
||
| 041 |
_2hin _ahin |
||
| 084 |
_a4:(P:795) 152R3 _qCRL |
||
| 100 |
_aमुकुल, मंजु _9863592 |
||
| 245 | _aमीडिया में अनुवाद का संप्रेक्षणधर्मी नवीन मॉडल | ||
| 260 |
_aनई दिल्ली, भारत: _bहंस प्रकाशन, _c2023. |
||
| 300 | _a188पृ. | ||
| 365 |
_b595.00 _cINR |
||
| 650 |
_aमीडिया _9808963 |
||
| 650 |
_aभाषा अनुवाद _91234695 |
||
| 650 | _aअनुवाद | ||
| 942 |
_cTB _2CC _h4:(P:795) 152R3 |
||
| 999 |
_c1467460 _d1467460 |
||